Econ Students' Name Obfuscations - Statistics

General Stats
  • This quiz has been taken 11 times
  • The average score is 20 of 30
Answer Stats
Hint Answer % Correct
Hemsworth, Pine, Pratt Chris
100%
To sketch in the past tense Drew
100%
Alex with a Feminine Flair Alexia
83%
Muhammed Ali
83%
Pop brother troupe Jonas
83%
Commenting on a tree when one has a severe lisp Audrey
67%
Ears, Large! Caleb
67%
French luxury brand Chloe
67%
9/11 repeat Elijah
67%
Politely exclaiming to your good acquaintance Lee Hayley
67%
Missing Golfer #3 jackson
67%
Famed Whale Duplicate Keiko
67%
volleyball Monica
67%
Good ol' Nathan
67%
Woke hair, mute Reese
67%
Beloved principal Ryan
67%
Grind Expert Rylan
67%
Hindu name for God of Everything Sarvesh
67%
Missing Golfer #2 sarvesh
67%
Holocaust victim with a difficult choice Sophie
67%
Guilty Catholic Aden
50%
Shares name culture with Jorg Averee
50%
literary past Gillian
50%
president of Wasia Hana
50%
Missing Golfer #1 Henry
50%
Mcgroin Holden
50%
Enemy to Gays Rachel
50%
Woke hair, hooded eyes Sarah
50%
Starry Sierra
50%
Provokes shame Taylor
50%
No matching quizzes found
Score Distribution
Percent of People with Each Score
Percentile by Number Answered
Your Score History
You have not taken this quiz